Science Quiz

Random Science or Elements Quiz

Symbolic Scientists! Quiz Stats

 Plays Quiz Updated Sep 22, 2018

Score 0/18 Timer 05:00
4 Plays Today
Question Answer Wrong Answers
Albert Einstein Einsteinium
82.2%
Europium
2.4%
Erbium
0.9%
Energy
14.4%
Nikola Tesla Tesla
77.8%
Siemens
3%
Farad
6.9%
Gauss
4.8%
Pierre & Marie Curie Curium
75.8%
Californium
4.5%
Calcium
9.5%
Cadmium
9%
Galileo Galilei Galileo
75.2%
Angstrom
6.9%
Svedberg
2.7%
Dobson Unit
2.2%
Isaac Newton Newton
74.3%
Joule
5%
Kilopond
15.7%
Dyne
2.9%
Alfred Nobel Nobelium
60.7%
Sodium
6.4%
Nickel
16.6%
Neon
10.5%
Dmitri Mendeleev Mendelevium
57.7%
Magnesium
12.2%
Moscovium
9.3%
Molybdenum
12.3%
Ernest Rutherford Rutherfordium
55%
Rhenium
8.9%
Rhodium
18.2%
Radon
10.8%
Niels Bohr Bohrium
52.6%
Boron
8.5%
Beryllium
11.1%
Bromine
18.1%
Enrico Fermi Fermium
48.1%
Iron
18.8%
Flerovium
9%
Francium
13.5%
Alessandro Volta Volt
46.9%
Ampere
14.4%
Biot
10.2%
Weber
15.3%
Glenn T. Seaborg Seaborgium
45.2%
Samarium
17.9%
Strontium
12.2%
Scandium
12.3%
Evangelista Torricelli Torr
42.8%
Bar
22.4%
Pounds per Square Inch
13.6%
Inches of Mercury
9.4%
James Watt Watt
37.9%
Coulomb
11.7%
Ohm
29.2%
Henry
11.7%
Antoine Henri Becquerel Becquerel
35.6%
Curie
13.4%
Gray
13.1%
Sievert
26.3%
Lise Meitner Meitnerium
34%
Manganese
15.2%
Promethium
20.6%
Americium
17.2%
Alexander Graham Bell Decibel
24.3%
Pascal
11.7%
Phon
5.1%
Hertz
54.9%
Anders Celsius Celsius
23.3%
Fahrenheit
17.3%
Kelvin
44.6%
Rankine
4.9%

You're not logged in!

Compare scores with friends on all Sporcle quizzes.
OR
Log In

Sporcle TV

Today on Sporcle TV


Watch our educational content, quiz creation guides, and fun videos on Sporcle TV.

Show Comments

Extras

Top Quizzes Today


Score Distribution

Your Account Isn't Verified!

In order to create a playlist on Sporcle, you need to verify the email address you used during registration. Go to your Sporcle Settings to finish the process.

Report this User

Report this user for behavior that violates our Community Guidelines.

Details: